| 000 | 01154nam a2200301 a 4500 | ||
|---|---|---|---|
| 001 | ebr10388411 | ||
| 003 | CaPaEBR | ||
| 006 | m u | ||
| 007 | cr cn||||||||| | ||
| 008 | 100624t20042002cau sb 001 0 eng | ||
| 010 | _z 2002074225 | ||
| 020 | _z9781594030475 | ||
| 020 | _z1594030472 (alk. paper) | ||
| 020 | _z9781594033902 (e-book) | ||
| 040 |
_aCaPaEBR _cCaPaEBR |
||
| 035 | _a(OCoLC)649905090 | ||
| 050 | 1 | 4 |
_aQH332 _b.K37 2004eb |
| 100 | 1 | _aKass, Leon. | |
| 245 | 1 | 0 |
_aLife, liberty and the defense of dignity _h[electronic resource] : _bthe challenge for bioethics / _cLeon R. Kass. |
| 260 |
_aSan Francisco : _bEncounter Books, _c2004, c2002. |
||
| 300 | _a313 p. | ||
| 504 | _aIncludes bibliographical references and index. | ||
| 533 |
_aElectronic reproduction. _bPalo Alto, Calif. : _cebrary, _d2010. _nAvailable via World Wide Web. _nAccess may be limited to ebrary affiliated libraries. |
||
| 650 | 0 | _aBioethics. | |
| 655 | 7 |
_aElectronic books. _2local |
|
| 710 | 2 | _aebrary, Inc. | |
| 856 | 4 | 0 |
_uhttp://site.ebrary.com/lib/rucke/Doc?id=10388411 _zAn electronic book accessible through the World Wide Web; click to view |
| 999 |
_c92622 _d92622 |
||